000 00266nam a2200097Ia 4500
001 1064205
005 20250827001711.0
008 250824s9999 xx 000 0 und d
245 0 _aOSMALIDAN CUMHURİYETE İKTİDAR OYUNU
_cAVNİ ÖZGÜREL
260 _bKETEBE YAYINLARI
999 _c1064205
_d1064205